000 00522nam a2200181Ia 4500
008 100920s9999 xx 000 0 und d
082 _b65762
_a24 थ 86
100 _aथोरे अशोक.
245 _aमाहौल.
260 _bबांदोडकर पब्लिशिंग हाऊस, गोवा.
_c1986
300 _a202
_bसाधी
365 _b50
520 _aसायो.
630 _aमाहौल.
650 _aसायो.
730 _aमाहौल.
942 _cBOOK
999 _c708484
_d708481